00590nam a2200169Ia 4500001001000000003000500010008004100015010001100056040000900067082002000076100002000096245009900116300000900215440001600224500011000240650007000350Para_8550CHAP220125s9999 xx 000 0 und d a207361 cCHAP aPA-C 595.752 A6 aGuercio, G. Del aConcerning two new genera and three new species of aphids of california /c by G. del Guercio a3 p. aAphidae; 22 aSobretiro de: Pomona Journal of Entomology, 1 (3): 73-75, 1909. Encuadernado con otros impresos similares ax Afididos x Colecciones de escritos x Afididos x California